La construcción cultural de Chile
Saved in:
| Main Author: | |
|---|---|
| Other Authors: | , , , , |
| Format: | Book |
| Language: | Spanish |
| Published: |
Santiago
Ediciones Cultura
2010
|
| Edition: | 1a. ed |
| Subjects: | |
| Tags: |
Add Tag
No Tags, Be the first to tag this record!
|
MARC
| LEADER | 00000nam a2200000 a 4500 | ||
|---|---|---|---|
| 001 | UCG5790 | ||
| 003 | CL-VaPUC | ||
| 005 | 20250505164444.0 | ||
| 008 | 110317e20100900cl 1 spa d | ||
| 020 | |a 9789568327699 | ||
| 082 | 0 | 4 | |a 306 |b CHI |2 21 |
| 100 | |a Chihuailaf Nahuelpan, Elicura |e author |9 360242 | ||
| 700 | |a Jocelyn-Holt Letelier, Alfredo |e autor |9 739950 | ||
| 700 | |a Martinic Beros, Mateo |e autor |9 315280 | ||
| 700 | |a Montecino Aguirre, Sonia |e autora |9 342204 | ||
| 700 | |a Salazar Vergara, Gabriel Segundo |e autor |9 621733 | ||
| 700 | |a Núñez Atencio, Lautaro |e autor |9 441291 | ||
| 245 | 1 | 3 | |a La construcción cultural de Chile |
| 250 | |a 1a. ed | ||
| 260 | |a Santiago |b Ediciones Cultura |c 2010 | ||
| 300 | |a 121 p | ||
| 583 | |a last modification |c 20190812 09:22:37 |k Rodrigo Vera | ||
| 650 | 0 | 7 | |a CONSTRUCCION SOCIAL |2 CL-VaPUC |9 621734 |
| 650 | 0 | 0 | |a Desarrollo social |9 264534 |
| 650 | 0 | 0 | |a Desarrollo cultural |9 267526 |
| 651 | 7 | |a CHILE |2 CL-VaPUC |9 621735 | |
| 942 | |c BK | ||
| 945 | |a jcampos |d 20110317 00:00:00 | ||
| 546 | |a En Español | ||
| 536 | |a Consejo Nacional de la Cultura y las Artes | ||
| 518 | |p Convención Nacional de la Cultura, 6, La Serena, 20-23 de Agosto 2009 | ||
| 999 | |c 384607 |d 384605 | ||
| 952 | |0 0 |1 0 |4 0 |6 306_000000000000000_CHI_2010 |7 0 |8 C |9 507446 |a BIBCUR |b BIBCUR |d 2020-01-23 |i 475719K |o 306 CHI 2010 |p 475719K |r 2025-04-22 |w 2020-01-23 |y BK |k CAC | ||